Azuvia /

Αποθηκεύτηκε σε:
Λεπτομέρειες βιβλιογραφικής εγγραφής
Κύριος συγγραφέας: Lizardi, Edmundo (autor)
Μορφή: Βιβλίο
Γλώσσα:Ισπανικά
Έκδοση: México : Fondo de Cultura Económica, 1988, c1988
Σειρά:(Letras Mexicanas)
Θέματα:
Ετικέτες: Προσθήκη ετικέτας
Δεν υπάρχουν, Καταχωρήστε ετικέτα πρώτοι!

MARC

LEADER 00000nam^a2200000^a^4500
001 000321265
005 20250521000000.0
009 20260310113537.181
020 |a 968-16-2802-0 
025 |a Donación Alvaro Gómez Saborío, 1 ejemplar 
037 |a Acervo ITESO - Biblioteca 
041 |a ESP 
082 |a 861.  |b LIZ 
100 |a Lizardi, Edmundo  |e (autor) 
245 1 0 |a Azuvia /  |c E. Lizardi. 
264 4 |a México :  |b Fondo de Cultura Económica,  |c 1988, c1988 
300 |a 133 p. 
336 |a texto  |b txt  |2 rdacontenido 
337 |a sin mediación  |b n  |2 rdamedio 
338 |a volumen  |b nc  |2 rdasoporte 
440 1 |a (Letras Mexicanas) 
649 |a XX 
650 |a Poesía Mexicana 
650 |a Prosa Poética Mexicana 
650 |a Literatura Mexicana -  |y Siglo XX 
910 |a Fondo General 
920 |a Impresos - Libros 
930 |a Colección General 
940 |a Literatura 
905 |a 101 
901 |a 0500208317  |b IT1  |c LIT  |i D  |u 20250521 
902 |a https://opac.biblio.iteso.mx/vufind/Record/000321265